000 00370nam a22001697a 4500
003 UA-OsUOA
001 5931
007 ta
008 20050721b un ||||| |||| 00| 0 ukr d
100 _aVan Lawick-Goodall
700 _aB. Jane
942 _cBK
040 _aUA-OsUOA
_cUA-OsUOA
_dUA-OsUOA
245 _aMy Friends the Wild Chimpanzees.
955 _a2
650 7 _2UDC
999 _c292093
_d292093